Click The US State By NFL Team - Statistics

General Stats
  • This quiz has been taken 180 times
    178 since last reset
  • The average score is 20 of 22
Answers on the Map
Answers color-coded by a green-red scale on the quiz's map according to % correct below.
 
Answer Stats
Answer % Correct
49ers
97%
Dolphins
97%
Broncos
95%
Cowboys
95%
Seahawks
95%
Titans
95%
Vikings
95%
Bills
94%
Falcons
93%
Patriots
93%
Saints
93%
Steelers
93%
Browns
92%
Lions
92%
Packers
92%
Bears
91%
Chiefs
90%
Colts
90%
Ravens
90%
Panthers
88%
Cardinals
86%
Raiders
86%
No matching quizzes found
Score Distribution
Percent of People with Each Score
Percentile by Number Answered
Your Score History
You have not taken this quiz since the last reset